01425nam a2200337 a 4500001001000000003000500010005001700015008004100032010001100073011001100084040000900095090001000104100003600114245011400150260004100264500006000305502006800365590004000433590004000473650003600513650004200549650006600591650005200657856007000709901000700779942001000786942000600796999001900802952013100821952013500952000113594CHAP20220329144403.0170808s2017 mx a fsm |||||||spa d a110055 a111027 cCHAP aTesis1 aCruz Reyes, Myrna Eslin913303810aCalidad de germoplasma de Pinus radiata D. Don de isla Guadalupe /h[En línea]cpor Myrna Eslin Cruz Reyes. aChapingo, Méx. :bEl autor,c2017. aPara ver el contenido del material haga clic en la liga aTesis (Ing.Forestal) -- UACH. División de Ciencias Forestales aE8697GMMb05c20170808lUCH01h1009 aE8697GMMb05c20170808lUCH01h101214aPináceasxCrecimiento.98822514aPinus radiataxPropagación.913303914aPinus radiataxSemillasxFisiología y morfología.913304014aPinus radiataxSemillasxGerminación.9133041 aFinding aiduhttp://10.13.5.2/tesis/sist113594.pdfzTeclea aquí aBK cTESIS n0 c110055d110055 00104054718TESISaBCbBCd2017-08-08fTESISl0oTesisp113596-10r2019-12-31 00:00:00w2019-12-31yTESISzRecien adquirido 00102local4053708TESISaBCbBCcPA_TESISd2017-08-08fTESISl0oTesisp113596-20r2019-12-31 00:00:00tc.2w2019-12-31yTESIS